Score 0/45 Timer 04:00
96 Plays Today
% Correct
Barcelona
91.4%
Hamburg
91.1%
Birmingham
91%
Saint Petersburg
90.8%
Milan
90.5%
Marseille
90.2%
Istanbul
89.9%
Kraków
87.1%
Rotterdam
85.4%
Porto
84.4%
Zürich
84.1%
Cork
80.7%
Thessaloniki
78.7%
Antwerp
76.3%
Gothenburg
70.1%
Bergen
64.4%
Split
62.9%
Graz
61.9%
Kharkiv
58.5%
Aarhus
57%
Brno
50.5%
Cluj-Napoca
49%
Espoo
46.2%
% Correct
Kaunas
45.5%
Les Escaldes
41.6%
Debrecen
40.7%
Tartu
40.1%
Esch-sur-Alzette
39.9%
Novi Sad
39.8%
Banja Luka
38%
Limassol
37.4%
Maribor
36.4%
Plovdiv
35.1%
Kópavogur
34.9%
Košice
34.4%
Daugavpils
33.7%
Gomel
31.9%
Durrës
30.2%
Tiraspol
29.8%
Schaan
24.9%
Bitola
24.9%
Nikšić
24.7%
Prizren
22.1%
Serravalle
21.6%
Birkirkara
16.9%

You're not logged in!

Compare scores with friends on all Sporcle quizzes.
OR
Log In

Sporcle TV

Today on Sporcle TV


Watch our educational content, quiz creation guides, and fun videos on Sporcle TV.

Show Comments

Extras

Top Quizzes Today


Score Distribution

Paid Content

Your Account Isn't Verified!

In order to create a playlist on Sporcle, you need to verify the email address you used during registration. Go to your Sporcle Settings to finish the process.

Report this User

Report this user for behavior that violates our Community Guidelines.

Details: